| 000 | 00819nab a22002057a 4500 | ||
|---|---|---|---|
| 999 |
_c5854 _d5854 |
||
| 003 | OSt | ||
| 005 | 20260108221611.0 | ||
| 008 | 190514b xxu||||| |||| 00| 0 spa d | ||
| 040 | _cPJ | ||
| 100 |
_94538 _aMolina de Juan, Mariel F. |
||
| 245 | 1 | 0 |
_aBalance, consolidación y desafíos de la compensación económica / _cMariel F. Molina de Juan. |
| 300 | _ap. 120-132 | ||
| 505 | _aSumario: I. Introducción.— II. Debates.— III. Consolidación.— IV. Desafíos. | ||
| 505 | _tSi te interesa el texto, comunicate a koha@justierradelfuego.gov.ar | ||
| 650 | 0 |
_91497 _aCODIGO CIVIL Y COMERCIAL |
|
| 650 | 0 |
_9967 _aDERECHO DE FAMILIA |
|
| 650 | 0 |
_95830 _aCOMPENSACIÓN ECONÓMICA |
|
| 773 | 0 |
_02844 _93222 _dBuenos Aires : AbeledoPerrot, 1989- _tDerecho de familia. N° 120 - Julio 2025 _z18511201 |
|
| 942 |
_2udc _cANA |
||